Animated Series by Image A-Z #1 - Statistics

General Stats
  • This quiz has been taken 102 times
  • The average score is 7 of 26
Answer Stats
Picture Answer % Correct
Adventure Time
91%
Gravity Falls
69%
DuckTales
54%
Johnny Bravo
53%
King Of The Hill
48%
Samurai Jack
43%
Little Einsteins
37%
Micky Mouse Clubhouse
36%
Total Drama Island
32%
Naruto: Shippuden
28%
Uncle Grandpa
28%
Yu-Gi-Oh!
28%
Robot Chicken
26%
Foster’s Home For Imaginary Friends
23%
Wacky Races
19%
Inuyasha
18%
Oswald
17%
Code Lyoko
14%
Hong Kong Phooey
13%
X-Men: Evolution
8%
Ben 10: Ultimate Alien
7%
Viva Piñata
6%
Quack Pack
4%
Eureka Seven
2%
Pokémon: Adventures in the Orange Islands
1%
Zorro The Chronicles
0%
No matching quizzes found
Score Distribution
Percent of People with Each Score
Percentile by Number Answered
Your Score History
You have not taken this quiz